Manažment : teória, výučba a prax 2009 zborník príspevkov z medzinárodnej vedecko-odbornej konferencie, Liptovský Mikuláš, 23.-25. septembra 2009
Salvato in:
| Ente Autore: | |
|---|---|
| Altri autori: | , , |
| Natura: | Libro |
| Lingua: | slovacco polacco inglese ceco |
| Pubblicazione: |
Liptovský Mikuláš
Akadémia ozbrojených síl generála Milana Rastislava Štefánika
2009
|
| Soggetti: | |
| Tags: |
Nessun Tag, puoi essere il primo ad aggiungerne!!
|
MARC
| LEADER | 00000nlm$a2200000$$$4500 | ||
|---|---|---|---|
| 001 | 0104204 | ||
| 005 | 20240109071635.1 | ||
| 020 | |a 978-80-8040-373-7 | ||
| 041 | 0 | |a slo | |
| 041 | 0 | |a pol | |
| 041 | 0 | |a eng | |
| 041 | 0 | |a cze | |
| 044 | |a SK | ||
| 245 | 1 | 0 | |a Manažment : teória, výučba a prax 2009 |b zborník príspevkov z medzinárodnej vedecko-odbornej konferencie, Liptovský Mikuláš, 23.-25. septembra 2009 |
| 264 | 1 | |a Liptovský Mikuláš |b Akadémia ozbrojených síl generála Milana Rastislava Štefánika |c 2009 | |
| 300 | |a CD-ROM | ||
| 610 | 2 | 0 | |a manažment |
| 610 | 2 | 0 | |a manažment krízový |
| 610 | 2 | 0 | |a obrana štátu |
| 610 | 2 | 0 | |a vojenstvo |
| 700 | 1 | |a Sopóci, Milan | |
| 700 | 1 | |a Belan, Ľudovít | |
| 700 | 1 | |a Žák, Miroslav | |
| 110 | 2 | |a Manažment : teória, výučba a prax 2009. Medzinárodná vedecko-odborná konferencia | |